Востоковедные исследования на Алтае. Вып. 17 (Запись № 13133352)

Подробности
000 -МАРКЕР
контрольное поле 00914nam2a2200205 4500
001 - ИДЕНТИФИКАТОР ЗАПИСИ
контрольное поле RU\NLR\PER_A\002737189_000010
005 - ИДЕНТИФИКАТОР ВЕРСИИ
контрольное поле 20250625165409.0
035 ## - ДРУГИЕ СИСТЕМНЫЕ НОМЕРА
Идентификатор записи (NLR Aleph) 022231731
100 ## - ДАННЫЕ ОБЩЕЙ ОБРАБОТКИ
Данные общей обработки 20240523d2024 |||y0rusy50 ca
101 0# - ЯЗЫК РЕСУРСА
Язык текста, звукозаписи и т.д. русский
102 ## - СТРАНА ПУБЛИКАЦИИ ИЛИ ПРОИЗВОДСТВА
Страна публикации Российская Федерация
200 0# - ЗАГЛАВИЕ И СВЕДЕНИЯ ОБ ОТВЕТСТВЕННОСТИ
Основное заглавие Вып. 17
210 ## - ПУБЛИКАЦИЯ, РАСПРОСТРАНЕНИЕ И ДР.
Дата издания, распространения и т.д. 2024
Место издания, распространения и т.д. Б. м.
461 #0 - УРОВЕНЬ НАБОРА
Встроенное поле 001RU\NLR\INFOCOMM19\1000031443
-- 2001#$aВостоковедные исследования на Алтае$eСб. науч. тр.$fАлт. гос. ун-т. Ист. фак. Каф. востоковедения$vВып. 17
Системный номер (АБИС) связанной записи 2019436
Место публикации Барнаул
Дата публикации 1994 -
Первые сведения об ответственности Алт. гос. ун-т. Ист. фак. Каф. востоковедения
Имя издателя, распространителя и т.д. Б. и.
Сведения, относящиеся к заглавию Сб. науч. тр.
Заглавие Востоковедные исследования на Алтае
ISSN 2412-5563
Номер тома Вып. 17
852 ## - МЕСТОНАХОЖДЕНИЕ И ШИФР ХРАНЕНИЯ
Идентификатор организации NLR
Шифр хранения (Call Number) П22/7497
942 ## - ДОПОЛНИТЕЛЬНЫЕ ЭЛЕМЕНТЫ ЗАПИСИ (АБИС)
Тип экземпляра АБИС Выпуск
980 ## - КОЛЛЕКЦИЯ
Название коллекции Национальная библиография
980 ## - КОЛЛЕКЦИЯ
Название коллекции Русская периодика

Нет доступных экземпляров.